Оптимальная степень наполнения камеры сжатым воздухом; Известия вузов. Горный журнал; № 6

التفاصيل البيبلوغرافية
Parent link:Известия вузов. Горный журнал.— , 1958-1996
№ 6.— 1988.— С. 84-87
المؤلف الرئيسي: Глазов А. Н. Алкон Наумович
مؤلفون آخرون: Глазов Г. Н.
اللغة:الروسية
منشور في: 1988
الموضوعات:
التنسيق: MixedMaterials فصل الكتاب
KOHA link:https://koha.lib.tpu.ru/cgi-bin/koha/opac-detail.pl?biblionumber=501560

MARC

LEADER 00000naa2a2200000 4500
001 501560
005 20231101102149.0
035 |a (RuTPU)RU\TPU\prd\171636 
035 |a RU\TPU\tpu\12107 
090 |a 501560 
100 |a 20130319a1988 k y0rusy50 ca 
101 0 |a rus 
102 |a RU 
200 1 |a Оптимальная степень наполнения камеры сжатым воздухом  |f А. Н. Глазов, Г. Н. Глазов 
461 0 |0 (RuTPU)RU\TPU\prd\186  |t Известия вузов. Горный журнал  |d 1958-1996 
463 0 |0 (RuTPU)RU\TPU\prd\171635  |t № 6  |v С. 84-87  |d 1988 
610 1 |a камеры 
610 1 |a наполнение 
610 1 |a сжатый воздух 
610 1 |a труды учёных ТПУ 
700 1 |a Глазов  |b А. Н.  |c специалист в области машиностроения  |c доцент Томского политехнического университета, кандидат технических наук  |f 1941-  |g Алкон Наумович  |2 stltpush  |3 (RuTPU)RU\TPU\pers\25459 
701 1 |a Глазов  |b Г. Н. 
801 1 |a RU  |b 63413507  |c 20040920  |g PSBO 
801 2 |a RU  |b 63413507  |c 20190412  |g RCR 
942 |c BK